000 00299nam a22001337a 4500
008 170213b xxu||||| |||| 00| 0 eng d
020 _a0323008283
041 _aeng
080 _23RD
_a61
100 _a4
101 _aSHM
245 _aTEXTBOOK OF PRIMARY CARE MEDICINE
_cNOBLE, J
942 _2udc
_cBK
999 _c5282
_d5282